000 00791nam a2200217Ii 4500
003 JO-AjNU
008 230605s9999||||xx |||||||||||||| ||und||
017 _a1983/10/507
040 _aJO-AjNU
_bara
_erda
_cJO-AjNU
041 _aara
050 1 4 _aBP144.Q897 1984
100 3 _aالقضاة، زكريا محمد الفالح,
_eauthor
_921120
245 0 0 _aالسلم والمضاربة من عوامل التيسير في الشريعة الإسلامية
250 _aط1
264 3 1 _aعمان: دار الفكر للنشر والتوزيع، 1984
300 _a507ص
336 _atext
_btxt
_2rdacontent
337 _aunmediated
_bn
_2rdamedia
338 _avolume
_bnc
_2rdacarrier
650 4 _aالمضاربات- فقه اسلامي- الاسلام والاقتصاد
_921121
999 _aA7284
_c10852
_d10852